<?xml version="1.0" encoding="UTF-8"?>
<record
    xmlns:xsi="http://www.w3.org/2001/XMLSchema-instance"
    xsi:schemaLocation="http://www.loc.gov/MARC21/slim http://www.loc.gov/standards/marcxml/schema/MARC21slim.xsd"
    xmlns="http://www.loc.gov/MARC21/slim">

  <leader>02297nam a22005897a 4500</leader>
  <controlfield tag="003">AR-RoUNA</controlfield>
  <controlfield tag="005">20251111160354.0</controlfield>
  <controlfield tag="008">251111b        |||||||| |||| 00| 0 spa d</controlfield>
  <datafield tag="040" ind1=" " ind2=" ">
    <subfield code="a">AR-RoUNA</subfield>
    <subfield code="b">spa</subfield>
    <subfield code="d">AR-RoUNA</subfield>
  </datafield>
  <datafield tag="041" ind1=" " ind2=" ">
    <subfield code="a">spa</subfield>
    <subfield code="h">fre</subfield>
  </datafield>
  <datafield tag="044" ind1=" " ind2=" ">
    <subfield code="a">ag</subfield>
  </datafield>
  <datafield tag="100" ind1="1" ind2=" ">
    <subfield code="a">Bertin, Robert</subfield>
    <subfield code="9">27560</subfield>
  </datafield>
  <datafield tag="245" ind1="1" ind2="0">
    <subfield code="a">Cimentaciones y obras en recalces /</subfield>
    <subfield code="c">Robert Bertin, Claude Gasc; traduccion por Jorge Ferrer Vi&#xF1;as</subfield>
  </datafield>
  <datafield tag="246" ind1=" " ind2=" ">
    <subfield code="a">Les fondations et reprises en sous-ceuvre</subfield>
  </datafield>
  <datafield tag="250" ind1=" " ind2=" ">
    <subfield code="a">1a. ed.</subfield>
  </datafield>
  <datafield tag="260" ind1=" " ind2=" ">
    <subfield code="a">Barcelona :</subfield>
    <subfield code="b">Editores Tecnicos Asociados S.A,</subfield>
    <subfield code="c">1971</subfield>
  </datafield>
  <datafield tag="300" ind1=" " ind2=" ">
    <subfield code="a">313 p.:</subfield>
    <subfield code="b">gr&#xE1;ficos</subfield>
    <subfield code="c">25x17 cm</subfield>
  </datafield>
  <datafield tag="505" ind1="0" ind2=" ">
    <subfield code="t">INDICE</subfield>
  </datafield>
  <datafield tag="505" ind1="0" ind2=" ">
    <subfield code="t">PRIMERA  PARTE </subfield>
  </datafield>
  <datafield tag="505" ind1="0" ind2=" ">
    <subfield code="t">ESTUDIOS Y TREBAJOS PRELIMINARES </subfield>
  </datafield>
  <datafield tag="505" ind1="0" ind2=" ">
    <subfield code="a">Cap. I. ESTUDIO  DEL TERRENO /p.3</subfield>
  </datafield>
  <datafield tag="505" ind1="0" ind2=" ">
    <subfield code="a">Cap. II. CONCEPTO Y ESTUDIO GENERAL DE LAS CIMENTACIONES /p. 47</subfield>
  </datafield>
  <datafield tag="505" ind1="0" ind2=" ">
    <subfield code="a">Cap. III. TRABAJOS PRELIMINARES SOBRE EL TERRENO /p.67</subfield>
  </datafield>
  <datafield tag="505" ind1="0" ind2=" ">
    <subfield code="t">SEGUNDA PARTE </subfield>
  </datafield>
  <datafield tag="505" ind1="0" ind2=" ">
    <subfield code="t">CIMENTACIONES SUPERFICIALES</subfield>
  </datafield>
  <datafield tag="505" ind1="0" ind2=" ">
    <subfield code="a">Cap. I. CIMENTACIONES EN ZANJAS /p.121</subfield>
  </datafield>
  <datafield tag="505" ind1="0" ind2=" ">
    <subfield code="a">Cap. II. CIMENTACIONES SOBRE LOSAS, ZAPATAS Y PLACAS /p.135</subfield>
  </datafield>
  <datafield tag="505" ind1="0" ind2=" ">
    <subfield code="a">Cap. III. CIMENTACIONES  MEDIANTE LOSAS GENERALES  O CONTINUAS /p.149</subfield>
  </datafield>
  <datafield tag="505" ind1="0" ind2=" ">
    <subfield code="t">TERCERA  PARTE</subfield>
  </datafield>
  <datafield tag="505" ind1="0" ind2=" ">
    <subfield code="t">CIMENTACIONES PROFUNDAS</subfield>
  </datafield>
  <datafield tag="505" ind1="0" ind2=" ">
    <subfield code="a">Cap. I. CIMENTACION MEDIANTE POZOS /p.161</subfield>
  </datafield>
  <datafield tag="505" ind1="0" ind2=" ">
    <subfield code="a">Cap. II. FUNDACIONES SOBRE  PILOTES /p.177</subfield>
  </datafield>
  <datafield tag="505" ind1="0" ind2=" ">
    <subfield code="a">Cap. III. CALCULO DE CIMENTOS SOBRE POZOS Y PILOTES /p.213</subfield>
  </datafield>
  <datafield tag="505" ind1="0" ind2=" ">
    <subfield code="t">CUARTA  PARTE </subfield>
  </datafield>
  <datafield tag="505" ind1="0" ind2=" ">
    <subfield code="t">CIMENTACIONES ESPECIALES</subfield>
  </datafield>
  <datafield tag="505" ind1="0" ind2=" ">
    <subfield code="a">Cap. I. CIMENTACIONES CON SUBPRESION DE AGUA /p.231</subfield>
  </datafield>
  <datafield tag="505" ind1="0" ind2=" ">
    <subfield code="a">Cap. II. CIMENTACIONES  EN  TERRENOS INESTABLES /p.245</subfield>
  </datafield>
  <datafield tag="505" ind1="0" ind2=" ">
    <subfield code="a">Cap. III.CIMENTACIONES ANTIVIBRACIONES /p.265</subfield>
  </datafield>
  <datafield tag="505" ind1="0" ind2=" ">
    <subfield code="t">QUINTA PARTE </subfield>
  </datafield>
  <datafield tag="505" ind1="0" ind2=" ">
    <subfield code="t">CONSOLIDACIONES, OBRAS EN RECALCES.</subfield>
  </datafield>
  <datafield tag="505" ind1="0" ind2=" ">
    <subfield code="a">Cap. I. CONSOLIDACION DE LAS CIMENTACIONES /p.279</subfield>
  </datafield>
  <datafield tag="505" ind1="0" ind2=" ">
    <subfield code="a">Cap. II. CONSTRUCCIONES EN RECALCES DE FABRICA DE MAMPOSTERIA OLADRILLERIA /p.299</subfield>
  </datafield>
  <datafield tag="650" ind1=" " ind2="4">
    <subfield code="a">Cimentaciones</subfield>
  </datafield>
  <datafield tag="650" ind1=" " ind2="4">
    <subfield code="a">Estudio del terreno</subfield>
    <subfield code="x">Suelo</subfield>
  </datafield>
  <datafield tag="700" ind1="1" ind2=" ">
    <subfield code="a">Gasc, Claude </subfield>
    <subfield code="9">27562</subfield>
  </datafield>
  <datafield tag="700" ind1="1" ind2=" ">
    <subfield code="a">Ferrer Vi&#xF1;als, Jorge</subfield>
    <subfield code="e">tra</subfield>
    <subfield code="9">27563</subfield>
  </datafield>
  <datafield tag="908" ind1=" " ind2=" ">
    <subfield code="a">Imp</subfield>
  </datafield>
  <datafield tag="930" ind1=" " ind2=" ">
    <subfield code="e">12276</subfield>
  </datafield>
  <datafield tag="942" ind1=" " ind2=" ">
    <subfield code="2">ddc</subfield>
    <subfield code="c">LIB</subfield>
  </datafield>
  <datafield tag="945" ind1=" " ind2=" ">
    <subfield code="a">MIA</subfield>
    <subfield code="d">2025-11-11</subfield>
  </datafield>
  <datafield tag="980" ind1=" " ind2=" ">
    <subfield code="6">1</subfield>
    <subfield code="a">Maricel Allasia</subfield>
    <subfield code="8">1</subfield>
    <subfield code="g">Maricel Allasia</subfield>
  </datafield>
  <datafield tag="999" ind1=" " ind2=" ">
    <subfield code="c">12235</subfield>
    <subfield code="d">12235</subfield>
  </datafield>
  <datafield tag="952" ind1=" " ind2=" ">
    <subfield code="0">0</subfield>
    <subfield code="1">0</subfield>
    <subfield code="2">cdu</subfield>
    <subfield code="4">0</subfield>
    <subfield code="5">0</subfield>
    <subfield code="7">0</subfield>
    <subfield code="a">AR-RoUNA</subfield>
    <subfield code="b">AR-RoUNA</subfield>
    <subfield code="c">Sala</subfield>
    <subfield code="d">2025-11-11</subfield>
    <subfield code="e">Don</subfield>
    <subfield code="l">0</subfield>
    <subfield code="o">624.15  B544</subfield>
    <subfield code="p">18420</subfield>
    <subfield code="t">ej. 1</subfield>
    <subfield code="y">LIB</subfield>
    <subfield code="x"></subfield>
  </datafield>
</record>
